| 000 | 00413cam a2200181ua 4500 | ||
|---|---|---|---|
| 020 | _c4.00 | ||
| 041 |
_aeng _h |
||
| 082 |
_a954 _bZIN/IN |
||
| 100 | _aZinkin, Taya . | ||
| 245 |
_aIndia / _cTaya Zinkin. _hTextual Documents |
||
| 250 |
_a1 / _b. |
||
| 260 |
_aCalcutta : _bOxford University Press , _c1964. |
||
| 300 | _a125 ; . | ||
| 365 | _a4.00 | ||
| 504 | _a | ||
| 942 | _cBK | ||
| 999 |
_c132 _d132 |
||